Vista normal Vista MARC

Entrada Personal Name

Número de registros utilizados en: 7

001 - CONTROL NUMBER

  • control field: 14527

003 - CONTROL NUMBER IDENTIFIER

  • control field: OSt

005 - DATE AND TIME OF LATEST TRANSACTION

  • control field: 20210308114447.0

008 - FIXED-LENGTH DATA ELEMENTS

  • fixed length control field: 210308|| aca||aabn | a|a d

040 ## - CATALOGING SOURCE

  • Original cataloging agency: OSt
  • Transcribing agency: OSt

100 ## - HEADING--PERSONAL NAME

  • Personal name: Lafont Pianetta, Pedro

670 ## - SOURCE DATA FOUND

  • Source citation: Work cat.: (OSt)0: Lafont Pianetta, Pedro, autor, Manual de contratos /, 2001-2004.